000 01221cam a22002175a 4500
001 L140879
008 071016s1924 xxk eng u
035 _a(Sirsi) u140879
041 0 _aeng
110 2 _aJohn D Wood and Co.
_95398
245 0 0 _aOutlying portions of the Maresfield Park Estate in the county of Sussex consisting of 1 138 acres
_bexcellent dairying and mixed farms...residences known as Fairholme, The Dairy House, Sandrock and several smaller ones, 30 country cottages, numerous small holdings and accommodation lands...for sale by auction by Messrs. John D. Wood and Co. and Brackett and Sons (acting in conjunction) at the Public Hall, Uckfield on Tuesday 18th November 1924 at 1.30 p.m.
260 _aS.l.
_bs.n.
_c[1924]
300 _a50 p.
_bill., col. maps
_c33 cm.
340 _aPrinted
351 _cSingle item
500 _aFarms included in the sale are Flitterbanks and Hole Farms, Lampool, Cophall, Streetfield, Spring Gardens, Boringwheel Mill, Gatehouse, Reedings, Courtfield, Tanyard and Nutley Inn Farms.
651 4 _aSussex
_y1888-
690 _aPROPERTY-PROPERTY ACQUISITION AND DISPOSAL-ACQUISITION AND DISPOSAL AT AUCTION
710 2 _aBrackett and Sons
_95399
942 _n0
999 _c116513
_d116513